000 00421nam a2200169 a 4500
001 0492
005 20140414131922.0
008 040117s19uu xx 00 eng d
020 _a0-7214-1547-4
050 _aER
_bUg6 1993
100 _aStone, Petula
245 _aUgly duckling (The) /
_cPetula Stone.
260 _aU.S.A :
_bLadybird,
_c1993.
300 _ap. ; cm.
440 _aFavourite Tales
999 _c111808
_d111808